000 00645nam a2200193 4500
001 113687
003 ES-MaACL
005 20230906185958.0
007 t|
008 061121s1958 sp r ||||1| spa d
080 _a616-07
100 1 _aNoguer Molins, Luis.
_985863
245 1 0 _aSemiología especial :
_bsíntomas clínicos y su orientación diagnóstica (síndromes) /
_cLuis Noguer Molins ; prólogo de Joaquín Mármol Luzardo.
260 _aBarcelona :
_bNoguer,
_c1958.
300 _a450 p. :
_bil. ;
_c24 cm.
650 4 _aSemiología médica.
_917040
700 1 _aMármol Luzardo, Joaquín.
_976945
852 4 _aES-MaACL
_jC-13281
999 _c113687
_d113687